000 00698nam a22001937a 4500
003 UA-OsUOA
001 17693
007 ta
008 20040322b un ||||| |||| 00| 0 ukr d
100 _aБогданець Г.І.
700 _aМосаковський В.П.
942 _cSA
040 _aUA-OsUOA
_cUA-OsUOA
_dUA-OsUOA
245 _aПереваги нової АТС: [Про переваги нової АТС розповідає інженер електрон. центр. станції типу ЕС-11 Г.І. Богданець]
300 _aС.2
955 _a0
773 0 _w0
_tРокитнівщина
_dРокитне
_d2004
_g№16/25 лют./
650 7 _aЗв'язок
_2UDC
999 _c303861
_d303861